000 002810000a22000970004500
100 1 _aWinter, Ralph D.
245 1 0 _aThey kingdom come : An analysis of a vision
300 _aVol. 13, Núm 2 (1996), Páginas 63-69
773 0 _tInternational Journal of Frontier Misions
942 _cANA
999 _c55258
_d55258